ARRUPE JESUIT UNIVERSITY

CORONAVIRUS -STOP THE SPREAD - CLEAN,DISINFECT,COVER

De Cive or The Citizen (Record no. 56784)

MARC details
000 -LEADER
fixed length control field 00518nam a2200205Ia 4500
003 - CONTROL NUMBER IDENTIFIER
control field 0100
008 - FIXED-LENGTH DATA ELEMENTS--GENERAL INFORMATION
fixed length control field 130303s9999 xx 000 0 und d
040 ## - CATALOGING SOURCE
Transcribing agency ARRUPELIB
050 ## - LIBRARY OF CONGRESS CALL NUMBER
Classification number JC153.H633 1949
100 ## - MAIN ENTRY--PERSONAL NAME
Personal name Hobbes, Thomas
245 ## - TITLE STATEMENT
Title De Cive or The Citizen
260 ## - PUBLICATION, DISTRIBUTION, ETC. (IMPRINT)
Place of publication, distribution, etc NY
260 ## - PUBLICATION, DISTRIBUTION, ETC. (IMPRINT)
Name of publisher, distributor, etc Appleton-Century-Crofts Inc
260 ## - PUBLICATION, DISTRIBUTION, ETC. (IMPRINT)
-- 1949
300 ## - PHYSICAL DESCRIPTION
Extent 211p
650 ## - SUBJECT ADDED ENTRY--TOPICAL TERM
Topical term following geographic name as entry element Plato Parmenides
650 ## - SUBJECT ADDED ENTRY--TOPICAL TERM
Location of event Parmenides Way of truth
700 ## - ADDED ENTRY--PERSONAL NAME
Personal name Edited with an Introduction by Sterling P. Lamprecht
942 00 - ADDED ENTRY ELEMENTS (KOHA)
Koha issues (borrowed), all copies 4
Holdings
Withdrawn status Lost status Source of classification or shelving scheme Damaged status Not for loan Collection code Home library Current library Shelving location Date acquired Total Checkouts Full call number Barcode Date last seen Date checked out Copy number Price effective from Koha item type
    Library of Congress Classification     Main Collection ARRUPE LIBRARY ARRUPE LIBRARY   04/03/2013 5 JC153.H633 1949 46003077641 29/06/2018 04/04/2016 1 04/03/2013 Monograph ( Printed materials)

 

Arrupe Library. PO Box MP320 Mt Pleasant, Harare, Zimbabwe
263 242 745411|librarian@aju.ac.zw